Julian's materia medica of nosodes with repertory : treatise on dynamised micro-immunotherapy
Αποθηκεύτηκε σε:
| Κύριος συγγραφέας: | |
|---|---|
| Άλλοι συγγραφείς: | |
| Μορφή: | Βιβλίο |
| Γλώσσα: | English French |
| Δημοσίευση: |
New Delhi :
B. Jain Pub.,
1985, 2005 reprint
|
| Έκδοση: | 2nd rev. ed. |
| Θέματα: | |
| Ετικέτες: |
Προσθήκη ετικέτας
Δεν υπάρχουν, Καταχωρήστε ετικέτα πρώτοι!
|
MARC
| LEADER | 00000cam a2200000 i 4500 | ||
|---|---|---|---|
| 001 | 1/76018 | ||
| 008 | 080226s1985 eng d | ||
| 020 | |a 978-81-319-0075-8 | ||
| 035 | |l 10095069 | ||
| 040 | |a GR-MY-UA |b gre |e aacr | ||
| 041 | 1 | |a eng |h fre | |
| 082 | 0 | |a 615.532 |2 (22) | |
| 100 | 1 | |a Julian, O. A. |q (Othon Andre) | |
| 245 | 1 | 0 | |a Julian's materia medica of nosodes with repertory : |b treatise on dynamised micro-immunotherapy / |c [O. A. Julian] ; translated from the original French by Rajkumar Mukherji |
| 250 | |a 2nd rev. ed. | ||
| 260 | |a New Delhi : |b B. Jain Pub., |c 1985, 2005 reprint | ||
| 300 | |a 722 σ.; |c 22 εκ. | ||
| 504 | |a Περιλαμβάνει μια βιβλιογραφική σημείωση για τα έργα του Dr. O. A. Julian σ. iii-v. | ||
| 650 | 0 | 0 | |a Homeopathy |x Materia medica and therapeutics. |
| 650 | 0 | 0 | |a Immunotherapy. |
| 700 | 1 | |a Mukerji, Rajkumar |d 1910- |4 trl | |
| 852 | |a INST |b SYROS |e 20080226 |h 615.532 JUL |p 005500006538 |q 005500006538 |t BK |y 0 | ||
| 852 | |a INST |b SYROS |e 20080226 |h 615.532 JUL |p 005500006546 |q 005500006546 |t BK |y 0 | ||
| 901 | |a BIBL5-2008-1 | ||
| 909 | |a Ε |b 133494 | ||
| 909 | |a Ε |b 133495 | ||
| 970 | |a ΤΣΟΥΚΑΛΑ |b ΑΛΙΚΗ |z 2008/02/26 | ||